Countries surrounding Murcia - Statistics

General Stats
  • This quiz has been taken 9 times
  • The average score is 21 of 28
Answer Stats
Bearing Country % Correct
94.9º – 197.3º Algeria
100%
345.6º – 22.1º France
100%
24.8º – 46.6º France
100%
54.6º – 63.1º France
100%
246.8º – 249.8º France
100%
46.6º – 54.6º Italy
100%
63.1º – 91.1º Italy
100%
197.3º – 241.5º Morocco
100%
22.1º – 24.8º Andorra
88%
252.0º – 253.4º Portugal
88%
261.0º – 315.0º Portugal
88%
91.2º – 94.9º Tunisia
88%
91.1º – 91.1º Greece
75%
241.9º – 242.5º United Kingdom
75%
344.1º – 344.5º United Kingdom
75%
241.5º – 241.9º Brazil
63%
242.5º – 246.8º Brazil
63%
315.0º – 322.7º Canada
63%
337.6º – 344.1º Ireland
63%
344.5º – 345.6º Ireland
63%
91.1º – 91.2º Israel
63%
256.9º – 259.0º Venezuela
63%
260.1º – 260.7º Venezuela
63%
260.7º – 261.0º Barbados
50%
322.7º – 337.6º Denmark
50%
249.8º – 252.0º Suriname
50%
259.0º – 260.1º Trinidad and Tobago
50%
253.4º – 256.9º Guyana
38%
No matching quizzes found
Score Distribution
Percent of People with Each Score
Percentile by Number Answered
Your Score History
You have not taken this quiz